000 00784nam a2200229 i 4500
001 140142
003 ES-MaACL
005 20240228164850.0
007 t|
008 070214s1943 sp abf |||| | spa d
100 1 _aSchulten, Adolf.
_9104768
245 1 4 _aLos cántabros y astures y su guerra con Roma /
_cAdolf Schulten.
260 _aMadrid :
_bEspasa-Calpe,
_c1943.
300 _a211 p., 4 lám. :
_bil., mapas ;
_c24 cm.
490 1 _aEstudios y ensayos históricos
650 4 _aAstures-
_vHistoria.
_9162067
650 4 _aCántabros (Pueblo prerromano)-
_xHistoria.
_9162066
651 7 _aEspaña-
_xHistoria-
_y26-19 a.C. (Guerras cántabras)
_2
_9169931
830 0 _aEstudios y ensayos históricos
_9220300
852 _aES-MaACL
_jF-15429
999 _c140142
_d140142